000 00318nam a2200121Ia 4500
008 240624s9999 xx 000 0 und d
041 _aeng
082 _a332.10681 THE
100 _aTHE HONG KONG INSTITUTE OF BANKERS
245 _aBANK ASSET AND LIABILITY MANAGEMENT
260 _c2018
_aChennai
_bWiley
365 _cRS
999 _c31404
_d31404